[Event "Llinars del Valles op-B 13th"]
[Site "Llinars del Valles"]
[Date "2019.06.08"]
[Round "7"]
[White "Llonch Farres, Gerard"]
[Black "Martinez Torras, Pol"]
[Result "0-1"]
[WhiteElo "1319"]
[BlackElo "1642"]
[PlyCount "88"]
[EventDate "2019.03.30"]
[EventType "swiss"]
[EventRounds "8"]
[EventCountry "ESP"]
[SourceTitle "EXT 2021"]
[Source "ChessBase"]
[SourceDate "2020.10.23"]
[SourceVersion "1"]
[SourceVersionDate "2020.10.23"]
[SourceQuality "1"]

1. e4 c5 2. Nf3 d6 3. d4 cxd4 4. Nxd4 Nf6 5. Nc3 a6 6. Be2 e5 7. Nb3 Be6 8. 0-0 Be7 9. f4 exf4 10. Bxf4 Nbd7 11. Kh1 Qc7 12. Nd5 Bxd5 13. exd5 0-0 14. c4 Ne5 15. Rc1 b6 16. Nd4 Ng6 17. Bg3 Ne4 18. Qd3 Nxg3+ 19. Qxg3 Bf6 20. Rcd1 Rae8 21. Qf3 Qe7 22. Rfe1 Ne5 23. Qh3 g6 24. b3 h5 25. Qc3 Nd7 26. Qb4 Be5 27. Nc6 Qf6 28. Nxe5 Rxe5 29. Rf1 Qe7 30. Bf3 Re8 31. Qc3 Re3 32. Qd2 Nc5 33. Kg1 a5 34. Qc2 Qe5 35. Qf2 Nd3 36. Qc2 Nb4 37. Qf2 Nd3 38. Qc2 Nf4 39. Rd2 g5 40. g3 Nh3+ 41. Kg2 g4 42. Bd1 Re1 43. Qd3 Rxf1 44. Qxf1 Qe4+ 0-1

[Event "Llinars del Valles op-B 13th"]
[Site "Llinars del Valles"]
[Date "2019.04.06"]
[Round "2"]
[White "Marugan Sanchez Gallegos, Daniel"]
[Black "Martinez Torras, Pol"]
[Result "0-1"]
[WhiteElo "1460"]
[BlackElo "1642"]
[PlyCount "118"]
[EventDate "2019.03.30"]
[EventType "swiss"]
[EventRounds "8"]
[EventCountry "ESP"]
[SourceTitle "EXT 2020"]
[Source "ChessBase"]
[SourceDate "2019.10.17"]
[SourceVersion "1"]
[SourceVersionDate "2019.10.17"]
[SourceQuality "1"]

1. d4 d5 2. Nf3 Nf6 3. e3 e6 4. b3 c5 5. Be2 Nc6 6. 0-0 cxd4 7. Nxd4 e5 8. Nxc6 bxc6 9. Bb2 Bd6 10. c4 0-0 11. cxd5 cxd5 12. Nd2 Re8 13. Rc1 a5 14. Nf3 Qe7 15. Bb5 Bd7 16. Bxd7 Qxd7 17. Rc2 a4 18. Qd2 axb3 19. axb3 Qb5 20. Rfc1 Qxb3 21. Qc3 Qb8 22. h3 h6 23. Qc6 Ra2 24. Rb1 Ba3 25. Qc3 Ne4 26. Qc6 Nf6 27. Nd2 Rxb2 28. Rcxb2 Bxb2 29. Qc2 Rc8 30. Qxb2 Qxb2 31. Rxb2 Rc1+ 32. Kh2 Kf8 33. g3 Ke7 34. Kg2 Kd6 35. Rb6+ Kc7 36. Rb2 Rc6 37. Nf3 Nd7 38. Ra2 Kb6 39. Rb2+ Kc7 40. Ra2 f6 41. Nh4 Nc5 42. Nf5 g6 43. Nxh6 d4 44. exd4 exd4 45. Ng4 d3 46. Ne3 Ne4 47. Nf1 Rc2 48. Ra7+ Kc6 49. Ra6+ Kb5 50. Re6 Rxf2+ 51. Kg1 Re2 52. Re8 Kb4 53. Rb8+ Kc3 54. Rc8+ Kb2 55. Rb8+ Kc1 56. Ra8 Nc3 57. Ra6 Re1 58. Rd6 Rxf1+ 59. Kxf1 d2 0-1

[Event "Barcelona Sant Marti op-B 20th"]
[Site "Barcelona"]
[Date "2018.07.21"]
[Round "9"]
[White "Sanchez Rodriguez, Raul"]
[Black "Martinez Torras, Pol"]
[Result "0-1"]
[WhiteElo "1402"]
[BlackElo "1675"]
[PlyCount "70"]
[EventDate "2018.07.13"]
[EventType "swiss"]
[EventRounds "9"]
[EventCountry "ESP"]
[SourceTitle "EXT 2019"]
[Source "ChessBase"]
[SourceDate "2018.10.10"]
[SourceVersion "1"]
[SourceVersionDate "2018.10.10"]
[SourceQuality "1"]

1. e4 c5 2. Nf3 Nc6 3. d4 cxd4 4. Nxd4 Nf6 5. Nc3 e5 6. Nb3 Bb4 7. Bc4 0-0 8. Bg5 Bxc3+ 9. bxc3 h6 10. Bh4 g5 11. Bg3 Nxe4 12. 0-0 d6 13. Qf3 Nf6 14. Bd3 d5 15. Qe3 Re8 16. Be2 d4 17. cxd4 exd4 18. Qd3 Nd5 19. Bh5 Qf6 20. Rfe1 Bf5 21. Qf3 Rxe1+ 22. Rxe1 Rd8 23. h4 Bxc2 24. hxg5 Qxf3 25. Bxf3 Bxb3 26. axb3 hxg5 27. Re5 Nxe5 28. Bxe5 d3 29. Kf1 b6 30. Ke1 Re8 31. Kd2 Rxe5 32. Kxd3 Nf4+ 33. Kd4 Rc5 34. g3 Nh3 35. Bg4 Nxf2 0-1

[Event "Barcelona Sant Marti op-B 20th"]
[Site "Barcelona"]
[Date "2018.07.19"]
[Round "7"]
[White "Rodriguez Batuecas, Jordi"]
[Black "Martinez Torras, Pol"]
[Result "1/2-1/2"]
[WhiteElo "1543"]
[BlackElo "1675"]
[PlyCount "102"]
[EventDate "2018.07.13"]
[EventType "swiss"]
[EventRounds "9"]
[EventCountry "ESP"]
[SourceTitle "EXT 2019"]
[Source "ChessBase"]
[SourceDate "2018.10.10"]
[SourceVersion "1"]
[SourceVersionDate "2018.10.10"]
[SourceQuality "1"]

1. e4 c6 2. d4 d5 3. exd5 cxd5 4. Bd3 Nc6 5. c3 Nf6 6. Bf4 e6 7. Ne2 Bd6 8. Bxd6 Qxd6 9. 0-0 0-0 10. Nd2 Re8 11. Nf3 a6 12. Re1 b5 13. Ng3 e5 14. dxe5 Nxe5 15. Nxe5 Rxe5 16. Rxe5 Qxe5 17. Qe2 Qxe2 18. Bxe2 Be6 19. a4 bxa4 20. Rxa4 Bc8 21. Bd3 a5 22. b4 Bb7 23. Rxa5 Rxa5 24. bxa5 Nd7 25. Nf5 Nc5 26. Bb5 g6 27. Nd6 Ba6 28. Kf1 Kf8 29. Ke2 Ke7 30. Bxa6 Nxa6 31. Nb5 Kd7 32. Ke3 Kc6 33. Na3 Kc5 34. Kd3 Nb8 35. Nc2 Nc6 36. a6 Kb6 37. Nb4 Nxb4+ 38. cxb4 Kxa6 39. Kd4 Kb5 40. Kxd5 Kxb4 41. f4 f5 42. Kd4 Kb5 43. h3 Kc6 44. Ke5 Kc5 45. g4 fxg4 46. hxg4 h5 47. gxh5 gxh5 48. Kf5 Kd5 49. Kg5 Ke4 50. f5 h4 51. Kxh4 Kxf5 1/2-1/2

[Event "Barcelona Sant Marti op-B 20th"]
[Site "Barcelona"]
[Date "2018.07.18"]
[Round "6"]
[White "Martinez Torras, Pol"]
[Black "Climent Vidal, Pere"]
[Result "0-1"]
[WhiteElo "1675"]
[BlackElo "1441"]
[PlyCount "86"]
[EventDate "2018.07.13"]
[EventType "swiss"]
[EventRounds "9"]
[EventCountry "ESP"]
[SourceTitle "EXT 2019"]
[Source "ChessBase"]
[SourceDate "2018.10.10"]
[SourceVersion "1"]
[SourceVersionDate "2018.10.10"]
[SourceQuality "1"]

1. e4 d5 2. exd5 Qxd5 3. d4 Nf6 4. Nf3 c6 5. c4 Qd8 6. Nc3 e6 7. Bd3 Nbd7 8. Bg5 Bb4 9. a3 Be7 10. 0-0 h6 11. Bxf6 Bxf6 12. Re1 0-0 13. Qc2 Re8 14. Ne4 Nf8 15. Nxf6+ Qxf6 16. Rad1 Kh8 17. b4 Bd7 18. Ne5 Rad8 19. Nxd7 Rxd7 20. Be4 Rxd4 21. Rxd4 Qxd4 22. Bf3 Qf6 23. Rd1 Rd8 24. c5 Rxd1+ 25. Qxd1 Qe7 26. Kf1 Qd7 27. Qd6 Qxd6 28. cxd6 Nd7 29. Ke2 Kg8 30. a4 Kf8 31. a5 a6 32. Kd3 Ne5+ 33. Ke4 Nxf3 34. gxf3 Ke8 35. Ke5 Kd7 36. h4 f6+ 37. Kd4 Kxd6 38. f4 e5+ 39. fxe5+ fxe5+ 40. Ke4 g6 41. f3 Ke6 42. f4 exf4 43. Kxf4 Kd5 0-1

[Event "Llinars del Valles op-B 12th"]
[Site "Llinars del Valles"]
[Date "2018.06.02"]
[Round "7.2"]
[White "Muntal Corrales, Arnau"]
[Black "Martinez Torras, Pol"]
[Result "1-0"]
[WhiteElo "1371"]
[BlackElo "1654"]
[PlyCount "41"]
[EventDate "2018.04.14"]
[EventType "swiss"]
[EventRounds "8"]
[EventCountry "ESP"]
[SourceTitle "CBM 184 Extra"]
[Source "ChessBase"]
[SourceDate "2018.06.28"]
[SourceVersion "1"]
[SourceVersionDate "2018.06.28"]
[SourceQuality "1"]

1. e4 c6 2. d4 d5 3. e5 Bf5 4. h4 h5 5. Ne2 e6 6. Ng3 Bg6 7. Be2 Be7 8. Bxh5 Bxh4 9. Bxg6 fxg6 10. Qg4 Kf7 11. Rh3 c5 12. Ne2 Bxf2+ 13. Kxf2 Nh6 14. Bxh6 gxh6 15. Nf4 Qg8 16. Qxe6+ Kg7 17. Qxg6+ Kf8 18. Rf3 Ke7 19. Qd6+ Ke8 20. Nxd5 Rh7 21. Nf6+ 1-0

[Event "Llinars del Valles op-B 12th"]
[Site "Llinars del Valles"]
[Date "2018.04.28"]
[Round "3.1"]
[White "Aleksanyan Israelyan, Nicolas"]
[Black "Martinez Torras, Pol"]
[Result "0-1"]
[WhiteElo "1513"]
[BlackElo "1654"]
[PlyCount "38"]
[EventDate "2018.04.14"]
[EventType "swiss"]
[EventRounds "8"]
[EventCountry "ESP"]
[SourceTitle "CBM 184 Extra"]
[Source "ChessBase"]
[SourceDate "2018.06.28"]
[SourceVersion "1"]
[SourceVersionDate "2018.06.28"]
[SourceQuality "1"]

1. e4 c6 2. d4 d5 3. e5 Bf5 4. g4 Bd7 5. Bd3 e6 6. Be3 c5 7. c3 Nc6 8. Qc2 cxd4 9. cxd4 Rc8 10. Nc3 Nb4 11. Qb1 Nxd3+ 12. Qxd3 Qb6 13. b3 Rxc3 14. Qe2 Bb5 15. Qb2 Bb4 16. Bd2 Qxd4 17. Ne2 Bxe2 18. Kxe2 Qe4+ 19. Be3 Rc2+ 0-1

[Event "Barcelona Ideal Clave op 21st"]
[Site "Barcelona"]
[Date "2017.11.25"]
[Round "8"]
[White "Roca Llorca, Josep"]
[Black "Martinez Torras, Pol"]
[Result "0-1"]
[WhiteElo "1707"]
[BlackElo "1647"]
[PlyCount "46"]
[EventDate "2017.09.30"]
[EventType "swiss"]
[EventRounds "8"]
[EventCountry "ESP"]
[SourceTitle "CBM 181 Extra"]
[Source "ChessBase"]
[SourceDate "2017.12.12"]
[SourceVersion "1"]
[SourceVersionDate "2017.12.12"]
[SourceQuality "1"]

1. d4 Nf6 2. Nf3 d5 3. Bf4 c5 4. e3 Nc6 5. c3 Qb6 6. Qb3 c4 7. Qc2 Bf5 8. Qxf5 Qxb2 9. Nfd2 e6 10. Qg5 Qxa1 11. Be2 Qxa2 12. 0-0 a5 13. Bxc4 dxc4 14. Qb5 0-0-0 15. Nxc4 Nd5 16. Bg3 Rd7 17. e4 Na7 18. Nb6+ Nxb6 19. Qxb6 Nc6 20. Nd2 Qxd2 21. Rb1 Qxc3 22. Bf4 Qxd4 23. Qxc6+ Kd8 0-1

[Event "Barcelona Ideal Clave op 21st"]
[Site "Barcelona"]
[Date "2017.09.30"]
[Round "1"]
[White "Sanchez Valencia, Alberto"]
[Black "Martinez Torras, Pol"]
[Result "0-1"]
[WhiteElo "1700"]
[BlackElo "1647"]
[PlyCount "59"]
[EventDate "2017.09.30"]
[EventType "swiss"]
[EventRounds "8"]
[EventCountry "ESP"]
[SourceTitle "CBM 181 Extra"]
[Source "ChessBase"]
[SourceDate "2017.12.12"]
[SourceVersion "1"]
[SourceVersionDate "2017.12.12"]
[SourceQuality "1"]

1. e4 c5 2. Nf3 Nc6 3. d4 cxd4 4. Nxd4 g6 5. Nc3 Bg7 6. Be3 Nf6 7. Bc4 0-0 8. Bb3 d6 9. h3 Bd7 10. f4 Nxd4 11. Bxd4 Bc6 12. e5 Nh5 13. Qg4 Qa5 14. 0-0 dxe5 15. fxe5 Bxe5 16. Bxe5 Qxe5 17. Ne2 Nf6 18. Rxf6 exf6 19. Nf4 Qd4+ 20. Kh1 g5 21. Rd1 Bd7 22. Qg3 Qe5 23. h4 Be6 24. c4 Rfe8 25. hxg5 fxg5 26. Bc2 Bxc4 27. Qh2 f5 28. Nd3 Qxh2+ 29. Kxh2 Rad8 30. Nc5 0-1

[Event "Barcelona Sant Marti op-B 19th"]
[Site "Barcelona"]
[Date "2017.07.16"]
[Round "4"]
[White "Chandrasekhar, MK."]
[Black "Martinez Torras, Pol"]
[Result "1-0"]
[WhiteElo "1794"]
[BlackElo "1631"]
[PlyCount "77"]
[EventDate "2017.07.13"]
[EventType "swiss"]
[EventRounds "9"]
[EventCountry "ESP"]
[SourceTitle "EXT 2018"]
[Source "ChessBase"]
[SourceDate "2017.10.13"]
[SourceVersion "1"]
[SourceVersionDate "2017.10.13"]
[SourceQuality "1"]

1. d4 d5 2. Nf3 Nf6 3. c4 e6 4. e3 c6 5. Nc3 Bd6 6. Qc2 Nbd7 7. g4 h6 8. Rg1 e5 9. h3 e4 10. Nd2 a6 11. b3 Nf8 12. Bb2 Ng6 13. 0-0-0 Be6 14. f3 exf3 15. Nxf3 c5 16. g5 hxg5 17. Nxg5 Qd7 18. cxd5 Nxd5 19. Nxe6 Qxe6 20. Nxd5 Qxd5 21. Bc4 Qf3 22. Bxf7+ Qxf7 23. Rxg6 Rh6 24. Rxh6 gxh6 25. dxc5 Be7 26. Qe4 Rd8 27. Rg1 Qf2 28. Rg8+ Kd7 29. Qxb7+ Ke6 30. Qxa6+ Kd7 31. Qb7+ Ke6 32. Qe4+ Kd7 33. c6+ Kc8 34. Qe6+ Kb8 35. c7+ Kxc7 36. Qxe7+ Rd7 37. Qc5+ Kb7 38. Qc8+ Kb6 39. Rg6+ 1-0

[Event "Barcelona Catalunya op 26th"]
[Site "Barcelona"]
[Date "2014.11.29"]
[Round "9"]
[White "Petit Montes, Marc"]
[Black "Martinez Torras, Pol"]
[Result "1-0"]
[WhiteElo "2040"]
[BlackElo "1849"]
[PlyCount "79"]
[EventDate "2014.09.27"]
[EventType "swiss"]
[EventRounds "9"]
[EventCountry "ESP"]
[SourceTitle "EXT 2017"]
[Source "ChessBase"]
[SourceDate "2016.10.25"]
[SourceVersion "1"]
[SourceVersionDate "2016.10.25"]
[SourceQuality "1"]

1. d4 Nf6 2. Bg5 Ne4 3. Bh4 g5 4. f3 gxh4 5. fxe4 c5 6. e3 Bh6 7. Bc4 e6 8. d5 Qg5 9. Nc3 Qxg2 10. Nf3 Qxh1+ 11. Bf1 Bxe3 12. Qe2 Bf4 13. Nd1 Bg3+ 14. Nf2 b6 15. c4 Ba6 16. b3 Bxf2+ 17. Qxf2 Rg8 18. 0-0-0 Rg3 19. hxg3 hxg3 20. Qxg3 Qh6+ 21. Kc2 Qg6 22. Qf4 exd5 23. Rxd5 f6 24. Nh4 Qg7 25. Nf5 Qf8 26. Qc7 Qg8 27. Be2 Qg2 28. Kd3 Qh3+ 29. Kd2 Qg2 30. Qd6 Qxe4 31. Bh5+ Kd8 32. Qxf6+ Kc7 33. Qd6+ Kb7 34. Qg3 Qb1 35. Nd6+ Kc6 36. Bf3 Qxa2+ 37. Ke3 Kc7 38. Nf7+ Kc8 39. Qg8+ Kc7 40. Qd8+ 1-0

[Event "Barcelona Catalunya op 26th"]
[Site "Barcelona"]
[Date "2014.11.15"]
[Round "7"]
[White "Maspoch Vila, Marc"]
[Black "Martinez Torras, Pol"]
[Result "1-0"]
[WhiteElo "1991"]
[BlackElo "1849"]
[PlyCount "51"]
[EventDate "2014.09.27"]
[EventType "swiss"]
[EventRounds "9"]
[EventCountry "ESP"]
[SourceTitle "EXT 2017"]
[Source "ChessBase"]
[SourceDate "2016.10.25"]
[SourceVersion "1"]
[SourceVersionDate "2016.10.25"]
[SourceQuality "1"]

1. Nf3 Nf6 2. c4 g6 3. Nc3 Nc6 4. g3 e5 5. Bg2 Bg7 6. Rb1 d6 7. b4 0-0 8. d3 h6 9. 0-0 Nh5 10. b5 Ne7 11. Bd2 f5 12. Qc2 f4 13. Ne4 g5 14. gxf4 Nxf4 15. Bxf4 gxf4 16. c5 d5 17. Ned2 c6 18. a4 Ng6 19. Rb4 Bg4 20. e4 fxe3 21. Rxg4 exf2+ 22. Rxf2 Nf4 23. Nxe5 Nxg2 24. Rfxg2 Qf6 25. Rxg7+ Kh8 26. d4 1-0

[Event "Barcelona Catalunya op 26th"]
[Site "Barcelona"]
[Date "2014.10.04"]
[Round "2"]
[White "Villalonga Royo, Lluis"]
[Black "Martinez Torras, Pol"]
[Result "0-1"]
[WhiteElo "1706"]
[BlackElo "1849"]
[PlyCount "80"]
[EventDate "2014.09.27"]
[EventType "swiss"]
[EventRounds "9"]
[EventCountry "ESP"]
[SourceTitle "EXT 2017"]
[Source "ChessBase"]
[SourceDate "2016.10.25"]
[SourceVersion "1"]
[SourceVersionDate "2016.10.25"]
[SourceQuality "1"]

1. Nf3 Nf6 2. d4 d5 3. e3 e6 4. Nbd2 c5 5. c3 Nc6 6. Ne5 Nxe5 7. dxe5 Nd7 8. Nf3 Qc7 9. Qa4 Be7 10. Be2 0-0 11. 0-0 Nxe5 12. Nxe5 Qxe5 13. Qf4 Qxf4 14. exf4 a6 15. Re1 Re8 16. b3 b5 17. Bb2 Bf6 18. Bf3 Bb7 19. a3 Rac8 20. Rad1 b4 21. axb4 cxb4 22. Bc1 bxc3 23. Ba3 Be7 24. Bc1 Bb4 25. Rd4 a5 26. Rd3 Ba6 27. Rd4 c2 28. Re5 Bc3 29. Ra4 Bxe5 30. fxe5 Rc5 31. h3 Rb8 32. Ra3 d4 33. Be4 d3 34. Ra1 Rxb3 35. Be3 Rxe5 36. Kh2 Rxe4 37. Rxa5 Rxe3 38. Rxa6 g6 39. Ra8+ Kg7 40. Rc8 Re1 0-1

[Event "Barcelona Sant Marti op-B 16th"]
[Site "Barcelona"]
[Date "2014.07.20"]
[Round "8"]
[White "Martinez Torras, Pol"]
[Black "Torres Julian, Marc"]
[Result "0-1"]
[WhiteElo "1849"]
[BlackElo "1959"]
[PlyCount "96"]
[EventDate "2014.07.13"]
[EventType "swiss"]
[EventRounds "9"]
[EventCountry "ESP"]
[SourceTitle "CBM 161 Extra"]
[Source "ChessBase"]
[SourceDate "2014.08.29"]
[SourceVersion "1"]
[SourceVersionDate "2014.08.29"]
[SourceQuality "1"]

1. d4 Nf6 2. Nf3 c5 3. c3 cxd4 4. cxd4 g6 5. Nc3 Bg7 6. g3 d6 7. Bg2 0-0 8. 0-0 Nbd7 9. Re1 Nb6 10. b3 Nbd5 11. Nxd5 Nxd5 12. Bb2 Bd7 13. e4 Nb4 14. a3 Nc6 15. Qd3 Qb6 16. Rad1 Rac8 17. Nd2 Nxd4 18. Nc4 Qxb3 19. Bxd4 Qxc4 20. Qxc4 Rxc4 21. Bxg7 Kxg7 22. Rc1 Rfc8 23. Rxc4 Rxc4 24. e5 dxe5 25. Bxb7 f6 26. Rd1 Rd4 27. Rc1 Bh3 28. Bg2 Bxg2 29. Kxg2 Kf7 30. Rc7 Ra4 31. Rc3 e4 32. Kf1 f5 33. Ke2 Kf6 34. Kd2 g5 35. Kc2 h6 36. Kb3 Rd4 37. Rc7 a6 38. Rc6+ Rd6 39. Rxd6+ exd6 40. Kb4 Ke5 41. Ka5 d5 42. Kxa6 d4 43. a4 d3 44. a5 d2 45. Kb7 d1Q 46. a6 Qd5+ 47. Kb8 Kd4 48. a7 Kd3 0-1

[Event "Barcelona Sant Marti op-B 16th"]
[Site "Barcelona"]
[Date "2014.07.18"]
[Round "6"]
[White "Martinez Torras, Pol"]
[Black "Palomero Galvez, Antonio"]
[Result "1/2-1/2"]
[WhiteElo "1849"]
[BlackElo "1750"]
[PlyCount "91"]
[EventDate "2014.07.13"]
[EventType "swiss"]
[EventRounds "9"]
[EventCountry "ESP"]
[SourceTitle "CBM 161 Extra"]
[Source "ChessBase"]
[SourceDate "2014.08.29"]
[SourceVersion "1"]
[SourceVersionDate "2014.08.29"]
[SourceQuality "1"]

1. d4 Nf6 2. c4 e6 3. Nf3 b6 4. Nc3 Bb7 5. e3 Bb4 6. a3 Bxc3+ 7. bxc3 c5 8. Bd3 d6 9. 0-0 Nbd7 10. Re1 e5 11. e4 cxd4 12. cxd4 exd4 13. Nxd4 0-0 14. Bf4 Ne5 15. f3 Rc8 16. Rc1 Nxd3 17. Qxd3 Nh5 18. Be3 a6 19. Nf5 Rc6 20. Red1 Qc7 21. g4 Nf6 22. Bg5 Rd8 23. e5 h6 24. exf6 hxg5 25. Ne7+ Kf8 26. fxg7+ Kxg7 27. Qd4+ f6 28. Nxc6 Qxc6 29. Re1 Qxf3 30. Re7+ Kg6 31. Rxb7 Qxb7 32. Rf1 Qe7 33. Qxb6 Rh8 34. Qb1+ Kg7 35. Re1 Qa7+ 36. Kg2 Qd7 37. Qe4 Rb8 38. Qe7+ Qxe7 39. Rxe7+ Kg6 40. Ra7 Rb2+ 41. Kf1 Rxh2 42. Rxa6 Rh4 43. Rxd6 Rxg4 44. c5 Ra4 45. Rd3 Rc4 46. Rd5 1/2-1/2

[Event "Foment Martinenc op-C 16th"]
[Site "Barcelona"]
[Date "2014.05.24"]
[Round "5"]
[White "Martinez Torras, Pol"]
[Black "Shih Gould, Danny"]
[Result "1-0"]
[WhiteElo "1811"]
[BlackElo "1805"]
[PlyCount "105"]
[EventDate "2014.04.26"]
[EventType "swiss"]
[EventRounds "9"]
[EventCountry "ESP"]
[SourceTitle "EXT 2015"]
[Source "ChessBase"]
[SourceDate "2014.11.20"]
[SourceVersion "1"]
[SourceVersionDate "2014.11.20"]
[SourceQuality "1"]

1. e4 e5 2. Nf3 Nf6 3. Nxe5 d6 4. Nf3 Nxe4 5. Qe2 Qe7 6. d3 Nf6 7. Bg5 Qxe2+ 8. Bxe2 Be7 9. Nc3 Be6 10. 0-0 Nc6 11. a3 h6 12. Bd2 a6 13. Rfe1 0-0 14. h3 Rfe8 15. Rad1 Rad8 16. Be3 b5 17. b4 Bf8 18. Rb1 Rb8 19. Bf1 Nd5 20. Nxd5 Bxd5 21. Nd2 g6 22. c4 Be6 23. Rec1 bxc4 24. dxc4 Bf5 25. Rb3 a5 26. b5 Ne5 27. g4 Be6 28. f4 Nxg4 29. hxg4 Bxg4 30. a4 Bg7 31. Bg2 Re7 32. Bc6 Bd7 33. Ba7 Rbe8 34. Bxd7 Rxd7 35. Be3 Rde7 36. Nf1 Re4 37. Kf2 Bd4 38. Bxd4 Rxf4+ 39. Rf3 Rxd4 40. Re3 Rxe3 41. Nxe3 Rd2+ 42. Kf3 Ra2 43. Nd5 Rxa4 44. Nxc7 Rb4 45. Ne8 d5 46. Nf6+ Kg7 47. Nxd5 Rb3+ 48. Rc3 Rb2 49. Ra3 Rc2 50. Ne3 Rc1 51. Rxa5 h5 52. b6 Rb1 53. Rb5 1-0

[Event "Barcelona Sant Marti op-B 15th"]
[Site "Barcelona"]
[Date "2013.07.21"]
[Round "9"]
[White "Rovira Ruiz, Enric"]
[Black "Martinez Torras, Pol"]
[Result "1-0"]
[WhiteElo "1765"]
[BlackElo "1530"]
[PlyCount "65"]
[EventDate "2013.07.13"]
[EventType "swiss"]
[EventRounds "9"]
[EventCountry "ESP"]
[SourceTitle "CBM 155 Extra"]
[Source "ChessBase"]
[SourceDate "2013.08.26"]
[SourceVersion "1"]
[SourceVersionDate "2013.08.26"]
[SourceQuality "1"]

1. e4 e5 2. Nf3 Nc6 3. Bb5 a6 4. Bxc6 dxc6 5. Nc3 Bd6 6. d4 exd4 7. Nxd4 Nf6 8. f3 h6 9. Be3 Qe7 10. Qd2 Bd7 11. 0-0-0 c5 12. Nb3 a5 13. Qf2 c4 14. Nd2 b5 15. Bd4 c5 16. Nd5 Nxd5 17. exd5 Qg5 18. Rhe1+ Kd8 19. Bxc5 Qxd5 20. Ne4 Bf4+ 21. Kb1 Qc6 22. Nd6 Bxd6 23. Rxd6 Qb7 24. Red1 Kc8 25. Rxd7 Qc6 26. Qd4 Qf6 27. Qxf6 gxf6 28. Rxf7 Ra6 29. Bd6 Rxd6 30. Rxd6 Re8 31. Kc1 b4 32. Rc6+ Kd8 33. Ra6 1-0

[Event "Barcelona Sant Marti op-B 15th"]
[Site "Barcelona"]
[Date "2013.07.20"]
[Round "8"]
[White "Martinez Torras, Pol"]
[Black "Romero Funieles, Rafael de Jesus"]
[Result "0-1"]
[WhiteElo "1530"]
[BlackElo "1735"]
[PlyCount "104"]
[EventDate "2013.07.13"]
[EventType "swiss"]
[EventRounds "9"]
[EventCountry "ESP"]
[SourceTitle "CBM 155 Extra"]
[Source "ChessBase"]
[SourceDate "2013.08.26"]
[SourceVersion "1"]
[SourceVersionDate "2013.08.26"]
[SourceQuality "1"]

1. d4 e6 2. c4 Be7 3. Nc3 c6 4. e4 h6 5. Be2 a6 6. Nf3 Bb4 7. Qc2 d5 8. cxd5 Bxc3+ 9. bxc3 cxd5 10. e5 Ne7 11. Ba3 Nbc6 12. 0-0 b5 13. Rfc1 Bd7 14. Bd3 Rc8 15. Qe2 Na5 16. Nd2 Nc4 17. Bc5 Nc6 18. a4 N6xe5 19. Bxc4 Nxc4 20. Nxc4 bxc4 21. f4 Qf6 22. Rf1 g6 23. Qb2 Qd8 24. Qf2 f5 25. Qe2 Kf7 26. a5 g5 27. Qh5+ Kg7 28. Bd6 Be8 29. Be5+ Kg8 30. Qf3 Rh7 31. g4 Bg6 32. gxf5 Bxf5 33. Ra2 g4 34. Qg3 h5 35. h4 Rb7 36. Rfa1 Rb5 37. Qe1 Ra8 38. Kh2 Ra7 39. Kg3 Rab7 40. Qc1 Rb1 41. Qa3 R1b3 42. Qc1 Qe7 43. Ra3 Rb1 44. Qe3 R7b2 45. Rxb1 Rxb1 46. Ra2 Rh1 47. Rh2 Rxh2 48. Kxh2 Qxh4+ 49. Kg1 g3 50. Qd2 Be4 51. Kf1 g2+ 52. Kg1 Qh1+ 0-1